Một số giải pháp nhằm nâng cao hiệu quả hoạt động marketing cho mặt hàng ximăng của công ty cổ phần vật tư Hậu Giang : Luận văn thạc sĩ kinh tế chuyên ngành quản trị kinh doanh

Đề tài phân tích thực trạng hoạt động marketing cho mặt hàng ximăng của công ty cổ phần vật tư Hậu Giang, từ đó nêu lên các ưu và nhược điểm trong quá trình hoạt động của Công Ty làm căn cứ đề ra các giải pháp phát huy điểm mạnh và khắc p...

Volledige beschrijving

Bewaard in:
Bibliografische gegevens
Hoofdauteur: Hồ, Thị Khánh Thành
Formaat: Boek
Taal:Undetermined
Gepubliceerd in: Cần Thơ Trường Đại học Cần Thơ 2009
Onderwerpen:
Tags: Voeg label toe
Geen labels, Wees de eerste die dit record labelt!
Thư viện lưu trữ: Trung tâm Học liệu Trường Đại học Cần Thơ
LEADER 01416nam a2200217Ia 4500
001 CTU_162035
008 210402s9999 xx 000 0 und d
082 |a 658.8 
082 |b Th107 
088 |a 60340102 
100 |a Hồ, Thị Khánh Thành 
245 0 |a Một số giải pháp nhằm nâng cao hiệu quả hoạt động marketing cho mặt hàng ximăng của công ty cổ phần vật tư Hậu Giang : 
245 0 |b Luận văn thạc sĩ kinh tế chuyên ngành quản trị kinh doanh 
245 0 |c Hồ Thị Khánh Thành ; Nguyễn Thị Liên Diệp (hướng dẫn khoa học) 
260 |a Cần Thơ 
260 |b Trường Đại học Cần Thơ 
260 |c 2009 
520 |a Đề tài phân tích thực trạng hoạt động marketing cho mặt hàng ximăng của công ty cổ phần vật tư Hậu Giang, từ đó nêu lên các ưu và nhược điểm trong quá trình hoạt động của Công Ty làm căn cứ đề ra các giải pháp phát huy điểm mạnh và khắc phục các điểm yếu nhằm giữ vững thị phần và phát triển mạnh hơn trong tương lai. 
650 |a Marketing management,Quản trị tiếp thị 
904 |i Thu,Qhieu 
980 |a Trung tâm Học liệu Trường Đại học Cần Thơ